00357nam a2200109Ia 4500082001900000245003300019260006200052300001300114650005600127650004400183700002000227 aRR 959.05 SOU- 0aSouthEast Asian affairs 1987 aPasir PanjangbInstitute of SouthEast Asian Studiesc1987 ax, 363p. aAsia, SouthEastern - Politics and government - 1987 aAsia, SouthEastern - Study and teaching aAyood, Mohammed